Optimalizácia prepravnej siete EUSTREAM v rokoch 2005-2022

Prepravný systém prevádzkovaný spoločnosťou EUSTREAM tvorí spoľahlivú súčasť európskej plynárenskej prepravnej infraštruktúry. Nielen desaťročia prevádzky, ale aj vývoj na trhu s plynom a nárast konkurencie trás však vyvolali potrebu modernizovať prepravnú sieť a zvýšiť jej prevádzkovú flexibilitu....

Full description

Saved in:
Bibliographic Details
Main Author: Tóth, P.
Other Authors: Matula, T.
Format: Book Chapter
Language:Slovak
Subjects:
Tags: Add Tag
No Tags, Be the first to tag this record!

MARC

LEADER 00000naa a2200000 4500
001 0290548
005 20260127130137.4
041 0 |a slo 
044 |a SK 
245 1 0 |a Optimalizácia prepravnej siete EUSTREAM v rokoch 2005-2022  |c P. Tóth, T. Matula 
520 |a Prepravný systém prevádzkovaný spoločnosťou EUSTREAM tvorí spoľahlivú súčasť európskej plynárenskej prepravnej infraštruktúry. Nielen desaťročia prevádzky, ale aj vývoj na trhu s plynom a nárast konkurencie trás však vyvolali potrebu modernizovať prepravnú sieť a zvýšiť jej prevádzkovú flexibilitu. Otázka optimálnej konfigurácie prepravného systému EUSTREAMU sa otvorila v roku 2005, a to z dôvodu zníženia maximálnej prepravnej kapacity po sprevádzkovaní nových konkurenčných plynovodov Nord Stream a súvisiaceho projektu Gazelle v Českej republike. 
610 2 0 |a priemysel plynárenský 
610 2 0 |a infraštruktúra priemyselná 
610 2 0 |a plynovody 
610 2 0 |a konkurencieschopnosť 
610 2 0 |a preprava 
610 2 0 |a plyn 
100 1 |a Tóth, P. 
700 1 |a Matula, T.